A Monte Carlo study of autoregressive integreted moving average processes (Registro nro. 26170)

Detalles MARC
000 -LEADER
fixed length control field 00385 a2200121 4500
001 - CONTROL NUMBER
control field ART_12186
005 - DATE AND TIME OF LATEST TRANSACTION
control field 20260410161904.0
008 - FIXED-LENGTH DATA ELEMENTS--GENERAL INFORMATION
fixed length control field 260409a
100 1# - MAIN ENTRY--PERSONAL NAME
Personal name Dent, Warren
245 10 - TITLE STATEMENT
Title A Monte Carlo study of autoregressive integreted moving average processes
700 1# - ADDED ENTRY--PERSONAL NAME
Personal name Min, An-Sik
773 0# - HOST ITEM ENTRY
Title Journal of econometrics
Related parts - Vol. 7, Nº 1 (feb. 1978)
Record control number REV11720

No hay ítems disponibles.